LEADER 01425nam a2200277 u 4500 001 000000052295 003 CaOOAMICUS 005 20070226115431.0 008 001013s1979 it u000 u ita u 035 $a10858149 040 $aPUL(R)$bita 100 1 $aTedeschi, Mario.$0(OLS)http://pul/name/21538 245 12$aI capitolati Cavour-Ricasoli :$bdocumenti sui primi tentativi per il componimento della questione romana /$cMario Tedeschi. 260 $aVilla San Giovanni :$bGrafica Meridionale S.p.A.,$c1979. 300 $a120 p. ;$c21 cm 500 $aInclude indice-sommario. 500 $aInclude documenti in francese e inglese. 500 $aEstr. dalla: "Rivista Quaderni meridionali di storia e diritto ecclesiastico, anno I.n.1". 504 $aInclude note bibliografiche a pič di pagina. 650 4$aQuestione romana.$0(OLS)http://pul/subject/3096 850 $aPUL 852 $aPUL$W1$xDP1 Fondo Ciprotti$y59$m1543 C 42$j69181$nBK-PRI$b $qFondi$B69181$CPULBib$Z2$F69181 $81 852 $aPUL$W1$xDP1 Fondo G. Barberini$y122$m3 D 50$j166445$nBK-PRI$b 2 copia$qFondi$B179200$CPULBib$Z2$F179200 $HBar2194 $81 941 1 $a1 996 $6245$aI capitolati Cavour-Ricasoli :$bdocumenti sui primi tentativi per il componimento della questione romana$9(OLS)http://pul/title/70168 996 $6260$aVilla San Giovanni :$bGrafica Meridionale S.p.A.$9(OLS)http://pul/publisher/68253 LEADER 01268nam a2200325 u 4500 001 000000077833 003 CaOOAMICUS 005 20070226123350.0 008 040304s1995 it u000 u ita u 020 $a8807101807 035 $a10986036 040 $aPUL$bita 041 1 $aita$heng 100 1 $aNozick, Robert.$0(OLS)http://pul/name/51743 240 10$aNature of rationality.$lItaliano.$0(OLS)http://pul/title/102051 245 13$aLa natura della razionalitā /$cRobert Nozick ; traduzione di Rodolfo Rini. 260 $aMilano :$bFeltrinelli,$c1995. 300 $a284 p. ;$c23 cm 490 1 $aFilosofia 490 1 $aCampi del sapere/ Feltrinelli 500 $aContiene indici. 504 $aBibliografia in appendice. 830 0$aCampi del sapere (Feltrinelli).$0(OLS)http://pul/title/20268 830 0$aFilosofia (Feltrinelli).$0(OLS)http://pul/title/102053 850 $aPUL 852 $aPUL$W1$xSL Filosofia 1$y2$m96 O 7$j99925$nBK-PRI$b $qStampati$B99925$CPULBib$Z2$F99925 $HPUL92572 $81 941 1 $a8 996 $6020$a8807101807$9(OLS)http://pul/number/102094 996 $6245$aLa natura della razionalitā$9(OLS)http://pul/title/102052 996 $6260$aMilano :$bFeltrinelli$9(OLS)http://pul/publisher/48846